000 01509nam a2200397 i 4500
001 ELB242241
003 FINmELB
005 20250326043441.0
006 m o u
007 cr cn|||||||||
008 231120s2020 ck ob 000 0 spa d
020 _z9789585120075
035 _a(OCoLC)1410393162
040 _aFINmELB
_bspa
_erda
_cFINmELB
050 1 4 _aBF408
_bG934 2020
080 _a159.954.4
082 0 4 _a153.35
_223
100 1 _aGuerrero A., Claudia P.,
_eautor.
245 1 0 _aDesarrollando la idea :
_bfase dos /
_cDoc. Claudia P. Guerrero A., Mg. Diego Fernando Pardo S.
264 1 _aTunja, Boyacá :
_bUniversidad de Boyacá,
_c2020.
300 _a1 recurso en línea (22 páginas)
336 _atexto
_btxt
_2rdamedia/spa
337 _acomputadora
_bc
_2rdamedia/spa
338 _arecurso en línea
_bcr
_2rdacarrier/spa
490 1 _aColección ruta de Innovación ;
_v3
504 _aContiene bibliografía.
588 _aDescripción basada en metadatos suministrados por el editor y otras fuentes.
590 _aRecurso electrónico. Santa Fe, Arg.: elibro, 2021. Disponible vía World Wide Web. El acceso puede estar limitado para las bibliotecas afiliadas a elibro.
650 4 _aCreatividad.
650 4 _aInnovaciones tecnológicas.
655 4 _aLibros electrónicos.
700 1 _aPardo S., Diego Fernando,
_eautor.
797 2 _aelibro, Corp.
830 0 _aColección ruta de Innovación ;
_v3.
856 4 0 _uhttps://elibro.net/ereader/usam/242241
999 _c146718
_d146718